| 000 | 01062cam a2200229 4500 | ||
|---|---|---|---|
| 001 | ABS63798 | ||
| 008 | 000000n2001 000 0 eng u | ||
| 035 | _a(Sirsi) u112101 | ||
| 100 | _aGreene, K. | ||
| 245 | _aCollateral warranties | ||
| 260 | _c2001 | ||
| 490 |
_aBuilding Services Journal _v23(4) April 2001, 41(1) |
||
| 520 | _aDiscusses collateral warranties and their potential benefits. Argues that the introduction of the Contracts (Right of Third Parties) Act 1999 has not yet brought about a change to the collateral warranty industry. Describes the possible different forms of provision amongst warranties but warns that the many variations of clauses makes them very difficult to negotiate. | ||
| 590 | _aABS | ||
| 650 | _aBUILT ENVIRONMENT-BUILDING CONTRACT FORMS-CONSTRUCTION COLLATERAL WARRANTY FORMS | ||
| 650 | _aCONTRACTS (RIGHTS OF THIRD PARTIES) ACT 1999 | ||
| 650 | _aSTEP-IN RIGHTS | ||
| 650 | _aCOPYRIGHT LICENCES | ||
| 650 | _aNET CONTRIBUTION CLAUSES | ||
| 690 | _aBUILT ENVIRONMENT-BUILDING CONTRACT FORMS | ||
| 942 | _n0 | ||
| 999 |
_c66761 _d66761 |
||